| 000 | 01892cam a2200433 i 4500 | ||
|---|---|---|---|
| 001 | 200468061 | ||
| 003 | TR-AnTOB | ||
| 005 | 20260413103134.0 | ||
| 007 | ta | ||
| 008 | 260413b nyu 000 1 eng d | ||
| 035 | _a(CLU)815454-ucladb-Voyager | ||
| 035 |
_a(OCoLC)07418879 _z(OCoLC)21629609 _z(OCoLC)1150827849 _z(OCoLC)1395078520 |
||
| 035 | _a(OCoLC)ocm07418879 | ||
| 035 | _a(EXLNZ-01UCS_NETWORK)9912827111006531 | ||
| 035 | _a(TR-AnTOB)200468061 | ||
| 040 |
_aBOA _beng _erda _cBOA _dIXA _dOCL _dOCLCQ _dMOU _dOCLCQ _dOCLCG _dGBVCP _dOCLCQ _dOCLCF _dOCLCQ _dICN _dOCLCO _dGILDS _dOCLCO _dDKC _dYBM _dOCLCO _dOCL _dOCLCO _dUMK _dOCLCO _dOCLCQ _dOCLCL _dOCLCQ _dSJD _dTR-AnTOB |
||
| 041 | 0 | _aeng | |
| 043 | _an-usu-- | ||
| 050 | 4 |
_aPS3505.A59 _bG7 |
|
| 090 |
_aPS3505.A59 _bG7 |
||
| 100 | 1 |
_aCapote, Truman, _d1924-1984 _eauthor _4aut _0http://id.loc.gov/authorities/names/n79104227 _953170 |
|
| 240 | 1 | 0 | _aGrass harp (Novel) |
| 245 | 1 | 4 |
_aThe grass harp, and, A tree of night : _band other stories / _cTruman Capote. |
| 264 | 1 |
_aNew York : _bNew American Library, _c[date of publication not identified] |
|
| 300 |
_a216 pages ; _c18 cm |
||
| 336 |
_atext _btxt _2rdacontent |
||
| 337 |
_aunmediated _bn _2rdamedia |
||
| 338 |
_avolume _bnc _2rdacarrier |
||
| 500 | _a"A Signet book" | ||
| 505 | 0 | _aThe grass harp.- A tree of night and other stories: Master misery.- Children on their birthdays.- Shut a final door.- Jug of silver.- Miriam.- The headless hawk.- My side of the matter.- A tree of night. | |
| 650 | 0 |
_aCity and town life _zSouthern States _vFiction _944717 |
|
| 650 | 0 |
_aBoys _zSouthern States _vFiction _935002 |
|
| 650 | 0 |
_aShort stories, American _y20th century _946151 |
|
| 651 | 0 |
_aSouthern States _vFiction _9153572 |
|
| 655 | 7 |
_aFiction _2lcgft _0http://id.loc.gov/authorities/genreForms/gf2014026339 _9151487 |
|
| 942 |
_2lcc _cBK |
||
| 999 |
_c200468061 _d86273 |
||